Giới từ tiếng Anh Prepositions
Saved in:
| Main Author: | |
|---|---|
| Other Authors: | |
| Format: | Book |
| Language: | Vietnamese |
| Published: |
Đà Nẵng
Đà Nẵng
2017
|
| Subjects: | |
| Tags: |
Add Tag
No Tags, Be the first to tag this record!
|
| Institutions: | Trung tâm Học liệu Lê Vũ Hùng, Trường Đại học Đồng Tháp |
|---|
| LEADER | 00836nam a22002778a 4500 | ||
|---|---|---|---|
| 001 | 00043075 | ||
| 005 | 20181108141104.0 | ||
| 008 | 181029s2018####-vm#################vie|d | ||
| 020 | # | # | |a 978604842072 |c 65000 |
| 041 | 0 | # | |a Eng - Vie |
| 082 | 1 | 4 | |a 428 |b GI462T |
| 100 | 1 | # | |a Mai, Lan Hương |
| 245 | 1 | 0 | |a Giới từ tiếng Anh |c Mai Lan Hương; Nguyễn Thanh Loan |b Prepositions |
| 246 | 0 | 1 | |a Prepositions |
| 260 | # | # | |a Đà Nẵng |b Đà Nẵng |c 2017 |
| 300 | # | # | |a 207 tr. |c 21 cm. |
| 653 | # | # | |a Cấu trúc |
| 653 | # | # | |a Giới từ |
| 653 | # | # | |a Ngôn ngữ |
| 653 | # | # | |a Tiếng Anh |
| 653 | # | # | |a Tự học |
| 700 | 1 | # | |a Nguyễn, Thanh Loan |
| 852 | # | # | |j KM.0034746 |
| 910 | # | # | |d 08/11/2018 |
| 980 | # | # | |a Trung tâm Học liệu Lê Vũ Hùng, Trường Đại học Đồng Tháp |